000 00985cam a2200253 a 4500
999 _c27620
_d27620
001 3769712
003 OSt
005 20170209115931.0
008 831227s1984 arua s001 0 eng
010 _a 83024350
020 _a0938626329
040 _aDLC
_cDLC
_dDLC
043 _an-us-ar
050 0 0 _aNA2300.U54W54 1984
082 0 0 _a720/.7/1176714
_219
100 1 _aWilliams, John G.
_q(John Gilbert),
_d1984.
245 1 4 _aThe curious and the beautiful :
_ba memoir history of the architecture program at the University of Arkansas /
_cJohn G. Williams, foreword by A. Richard Williams.
260 _aFayetteville :
_bUniversity of Arkansas Press,
_c1984.
300 _aviii, 109 p. :
_bill. ;
_c23 cm.
500 _aIncludes index.
610 2 0 _aUniversity of Arkansas, Fayetteville.
_bSchool of Architecture.
906 _a7
_bcbc
_corignew
_d1
_eocip
_f19
_gy-gencatlg
942 _2lcc
_cBOOKS
_hNA2300.U54W54 1984
_k34611